[Event "DSJ Weihnachtsturnier U20w 2020"]
[Site "https://play.chessbase.com/en/play?room=DSJWeihnachtU20w"]
[Date "2020.12.29"]
[Round "6"]
[White "Bauer, Sophia"]
[Black "Amelang, Jamie Alice"]
[Result "1-0"]
[Termination "normal"]
[Board "6.4"]
[WhiteElo "1048"]
[BlackElo "919"]
[WhiteTeam "SC Weisse Dame"]
[BlackTeam "Schachgemeinschaft Leipzig"]
[PlyCount "101"]
[WhiteFideId "34620583"]
[BlackFideId "34605754"]
[EventRounds "7"]
[EventType "team-swiss"]
[EventDate "2020.12.29"]

1. e4 {[%emt 0:00:08]} e5 {[%emt 0:00:02]} 2. Nf3 {[%emt 0:00:03]} Nc6 { [%emt
0:00:03]} 3. d4 {[%emt 0:00:02]} exd4 {[%emt 0:00:13]} 4. Nxd4 {[%emt 0:
00:02]} Bc5 {[%emt 0:00:03]} 5. Be3 {[%emt 0:00:03]} Qf6 {[%emt 0:00:02]} 6. c3
{[%emt 0:00:28]} Nge7 {[%emt 0:00:08]} 7. Nxc6 {[%emt 0:00:11]} Qxc6 {[%emt 0:
00:04]} 8. Bxc5 {[%emt 0:00:09]} Qxc5 {[%emt 0:00:04]} 9. Bd3 {[%emt 0:00:04]}
O-O {[%emt 0:00:07]} 10. O-O {[%emt 0:00:05]} d6 {[%emt 0:00:09]} 11. Nd2 {
[%emt 0:00:21]} Qg5 {[%emt 0:00:07]} 12. Nf3 {[%emt 0:00:09]} Qg6 {[%emt 0:00:
10]} 13. e5 {[%emt 0:00:13]} Nf5 {[%emt 0:00:07]} 14. exd6 {[%emt 0:00:11]}
Qxd6 {[%emt 0:00:12]} 15. Re1 {[%emt 0:00:18]} Ne7 {[%emt 0:00:18]} 16. Qc2 {
[%emt 0:00:17]} Bg4 {[%emt 0:00:16]} 17. Bxh7+ {[%emt 0:00:14]} Kh8 {[%emt 0:
00:06]} 18. Be4 {[%emt 0:00:05]} Rad8 {[%emt 0:00:54]} 19. Ng5 {[%emt 0:00:25]}
g6 {[%emt 0:00:21]} 20. h3 {[%emt 0:01:16]} Be6 {[%emt 0:00:10]} 21. Rad1 {
[%emt 0:00:18]} Qe5 {[%emt 0:00:24]} 22. Nf3 {[%emt 0:00:38]} Qh5 {[%emt 0:00:
41]} 23. Rd3 {[%emt 0:00:23]} Rc8 {[%emt 0:00:27]} 24. Red1 {[%emt 0:00:15]} f5
{[%emt 0:00:17]} 25. Bxb7 {[%emt 0:00:10]} Rb8 {[%emt 0:00:06]} 26. Ba6 { [%emt
0:00:13]} Bd5 {[%emt 0:00:31]} 27. c4 {[%emt 0:00:40]} Bxf3 {[%emt 0:00: 09]}
28. Qc3+ {[%emt 0:00:21]} Kg8 {[%emt 0:00:15]} 29. Rxf3 {[%emt 0:00:08]} Rbd8
{[%emt 0:00:16]} 30. Rxd8 {[%emt 0:00:16]} Rxd8 {[%emt 0:00:04]} 31. c5 { [%emt
0:00:27]} Rd1+ {[%emt 0:00:08]} 32. Bf1 {[%emt 0:00:18]} Nd5 {[%emt 0:00: 14]}
33. Qb3 {[%emt 0:00:23]} Qh4 {[%emt 0:00:32]} 34. Qxd1 {[%emt 0:00:15]} c6
{[%emt 0:00:21]} 35. Bc4 {[%emt 0:00:15]} Kh7 {[%emt 0:00:13]} 36. Bxd5 { [%emt
0:00:05]} cxd5 {[%emt 0:00:02]} 37. Qxd5 {[%emt 0:00:02]} Kh6 {[%emt 0: 00:25]}
38. Rg3 {[%emt 0:00:17]} Qh5 {[%emt 0:00:31]} 39. Qd2+ {[%emt 0:00:05]} g5
{[%emt 0:00:05]} 40. Qd6+ {[%emt 0:00:03]} Qg6 {[%emt 0:00:07]} 41. Qxg6+ {
[%emt 0:00:01]} Kxg6 {[%emt 0:00:02]} 42. c6 {[%emt 0:00:04]} Kf7 {[%emt 0:00:
04]} 43. c7 {[%emt 0:00:01]} Ke7 {[%emt 0:00:05]} 44. c8=Q {[%emt 0:00:04]} f4
{[%emt 0:00:05]} 45. Qc7+ {[%emt 0:00:07]} Ke6 {[%emt 0:00:02]} 46. Rxg5 {
[%emt 0:00:04]} f3 {[%emt 0:00:03]} 47. Qc6+ {[%emt 0:00:02]} Kf7 {[%emt 0:00:
04]} 48. Rf5+ {[%emt 0:00:03]} Ke7 {[%emt 0:00:05]} 49. Rd5 {[%emt 0:00:03]}
Kf7 {[%emt 0:00:05]} 50. Rd7+ {[%emt 0:00:01]} Ke8 {[%emt 0:00:04]} 51. Qc8# {
[%emt 0:00:02]} 1-0

[Event "DSJ Weihnachtsturnier U20w 2020"]
[Site "https://play.chessbase.com/en/play?room=DSJWeihnachtU20w"]
[Date "2020.12.29"]
[Round "6"]
[White "Alferova, Emily"]
[Black "Pohle, Saskia"]
[Result "1-0"]
[Termination "normal"]
[Board "7.1"]
[WhiteElo "1365"]
[BlackElo "1815"]
[WhiteTeam "SC Garching 1980"]
[BlackTeam "Schachzwerge Magdeburg"]
[PlyCount "83"]
[WhiteFideId "16265904"]
[BlackFideId "16201604"]
[EventRounds "7"]
[EventType "team-swiss"]
[EventDate "2020.12.29"]

1. e4 {[%emt 0:00:05]} e5 {[%emt 0:00:01]} 2. Nf3 {[%emt 0:00:03]} Nc6 { [%emt
0:00:01]} 3. Bb5 {[%emt 0:00:06]} a6 {[%emt 0:00:02]} 4. Ba4 {[%emt 0:00: 06]}
Nf6 {[%emt 0:00:02]} 5. O-O {[%emt 0:00:08]} Be7 {[%emt 0:00:03]} 6. Re1 {
[%emt 0:00:05]} b5 {[%emt 0:00:02]} 7. Bb3 {[%emt 0:00:05]} O-O {[%emt 0:00:07]
} 8. d3 {[%emt 0:00:05]} d6 {[%emt 0:00:26]} 9. h3 {[%emt 0:00:06]} Na5 { [%emt
0:00:33]} 10. Bd2 {[%emt 0:00:08]} Nxb3 {[%emt 0:00:04]} 11. axb3 { [%emt
0:00:11]} Bb7 {[%emt 0:00:07]} 12. Ba5 {[%emt 0:00:10]} Qd7 {[%emt 0:00: 08]}
13. Nbd2 {[%emt 0:00:07]} g6 {[%emt 0:00:28]} 14. Nf1 {[%emt 0:00:16]} Nh5
{[%emt 0:00:08]} 15. Bd2 {[%emt 0:00:08]} f5 {[%emt 0:00:12]} 16. Bh6 {[%emt 0:
00:07]} Rf7 {[%emt 0:00:12]} 17. Ne3 {[%emt 0:00:06]} Bf8 {[%emt 0:00:41]} 18.
Bxf8 {[%emt 0:00:09]} Raxf8 {[%emt 0:00:05]} 19. exf5 {[%emt 0:00:27]} gxf5 {
[%emt 0:00:03]} 20. Ng5 {[%emt 0:00:10]} Rg7 {[%emt 0:00:06]} 21. Qxh5 { [%emt
0:00:11]} Qe7 {[%emt 0:00:22]} 22. h4 {[%emt 0:00:07]} Qf6 {[%emt 0:00: 16]}
23. c4 {[%emt 0:00:18]} bxc4 {[%emt 0:00:16]} 24. bxc4 {[%emt 0:00:06]} h6
{[%emt 0:00:18]} 25. Nh3 {[%emt 0:00:05]} c5 {[%emt 0:00:43]} 26. Nd5 {[%emt 0:
00:11]} Bxd5 {[%emt 0:00:23]} 27. cxd5 {[%emt 0:00:00]} Ra8 {[%emt 0:00:02]}
28. Ra4 {[%emt 0:00:27]} Rb7 {[%emt 0:00:24]} 29. g4 {[%emt 0:00:19]} Rg7 {
[%emt 0:00:30]} 30. g5 {[%emt 0:00:12]} hxg5 {[%emt 0:00:01]} 31. Nxg5 { [%emt
0:00:06]} Qg6 {[%emt 0:00:17]} 32. Qxg6 {[%emt 0:00:06]} Rxg6 {[%emt 0: 00:00]}
33. f4 {[%emt 0:00:07]} exf4 {[%emt 0:00:20]} 34. Rxf4 {[%emt 0:00:13]} Rf6
{[%emt 0:00:05]} 35. Kf2 {[%emt 0:00:08]} Rb8 {[%emt 0:00:08]} 36. Ke3 { [%emt
0:00:23]} Rxb2 {[%emt 0:00:07]} 37. Ne4 {[%emt 0:00:08]} Rf7 {[%emt 0:00: 18]}
38. Rg1+ {[%emt 0:00:07]} Kf8 {[%emt 0:00:05]} 39. Nxd6 {[%emt 0:00:07]} Re7+
{[%emt 0:00:02]} 40. Kf3 {[%emt 0:00:09]} Re5 {[%emt 0:00:25]} 41. Nc4 { [%emt
0:00:06]} Rxd5 {[%emt 0:00:03]} 42. Nxb2 {[%emt 0:00:05] Magdebg1-001 gibt auf}
1-0

[Event "DSJ Weihnachtsturnier U20w 2020"]
[Site "https://play.chessbase.com/en/play?room=DSJWeihnachtU20w"]
[Date "2020.12.29"]
[Round "6"]
[White "Hoffmann, Svenja"]
[Black "Frowein, Katja"]
[Result "1-0"]
[Termination "normal"]
[Board "7.2"]
[WhiteElo "1307"]
[BlackElo "1377"]
[WhiteTeam "Schachzwerge Magdeburg"]
[BlackTeam "SC Garching 1980"]
[PlyCount "39"]
[WhiteFideId "16287312"]
[BlackFideId "16282949"]
[EventRounds "7"]
[EventType "team-swiss"]
[EventDate "2020.12.29"]

1. e4 {[%emt 0:00:05]} c5 {[%emt 0:00:02]} 2. Nf3 {[%emt 0:00:07]} d6 {[%emt 0:
00:03]} 3. d4 {[%emt 0:00:02]} cxd4 {[%emt 0:00:02]} 4. Nxd4 {[%emt 0:00:02]}
Nc6 {[%emt 0:00:01]} 5. Nc3 {[%emt 0:00:04]} Nf6 {[%emt 0:00:01]} 6. Be3 {
[%emt 0:00:10]} g6 {[%emt 0:00:02]} 7. f3 {[%emt 0:00:05]} Bg7 {[%emt 0:00:02]}
8. Qd2 {[%emt 0:00:02]} O-O {[%emt 0:00:03]} 9. Bc4 {[%emt 0:00:03]} a6 { [%emt
0:00:03]} 10. O-O-O {[%emt 0:00:06]} b5 {[%emt 0:00:05]} 11. Bb3 { [%emt
0:00:02]} Rb8 {[%emt 0:00:04]} 12. h4 {[%emt 0:00:23]} Nxd4 {[%emt 0:00: 02]}
13. Qxd4 {[%emt 0:00:08]} Qc7 {[%emt 0:00:16]} 14. Nd5 {[%emt 0:00:09]} Nxd5
{[%emt 0:00:04]} 15. Bxd5 {[%emt 0:00:04]} Bxd4 {[%emt 0:00:03]} 16. Bxd4
{[%emt 0:00:05]} e6 {[%emt 0:00:08]} 17. Bb3 {[%emt 0:00:07]} a5 {[%emt 0:00:
11]} 18. h5 {[%emt 0:00:09]} a4 {[%emt 0:00:01]} 19. hxg6 {[%emt 0:00:13]} hxg6
{[%emt 0:00:02]} 20. Rh8# {[%emt 0:00:04]} 1-0

[Event "DSJ Weihnachtsturnier U20w 2020"]
[Site "https://play.chessbase.com/en/play?room=DSJWeihnachtU20w"]
[Date "2020.12.29"]
[Round "6"]
[White "Muhina, Liana"]
[Black "Rössling, Laura Marie"]
[Result "0-1"]
[Termination "time forfeit"]
[Board "7.3"]
[WhiteElo "1273"]
[BlackElo "991"]
[WhiteTeam "SC Garching 1980"]
[BlackTeam "Schachzwerge Magdeburg"]
[PlyCount "84"]
[WhiteFideId "16266145"]
[BlackFideId "16289471"]
[EventRounds "7"]
[EventType "team-swiss"]
[EventDate "2020.12.29"]

1. e4 {[%emt 0:00:02]} e5 {[%emt 0:00:05]} 2. Nf3 {[%emt 0:00:03]} Nc6 { [%emt
0:00:04]} 3. d4 {[%emt 0:00:04]} exd4 {[%emt 0:00:06]} 4. Nxd4 {[%emt 0:
00:02]} Bc5 {[%emt 0:00:05]} 5. Nxc6 {[%emt 0:00:03]} Qf6 {[%emt 0:00:17]} 6.
Qf3 {[%emt 0:00:16]} bxc6 {[%emt 0:00:24]} 7. Qxf6 {[%emt 0:00:17]} Nxf6 {
[%emt 0:00:07]} 8. Bd3 {[%emt 0:00:07]} O-O {[%emt 0:00:09]} 9. Nc3 {[%emt 0:
00:14]} d5 {[%emt 0:00:15]} 10. exd5 {[%emt 0:00:52]} Re8+ {[%emt 0:00:12]} 11.
Ne2 {[%emt 0:00:16]} cxd5 {[%emt 0:00:10]} 12. Bg5 {[%emt 0:00:11]} Bg4 { [%emt
0:00:46]} 13. f3 {[%emt 0:00:12]} Bh5 {[%emt 0:00:15]} 14. O-O-O { [%emt
0:01:04]} Rab8 {[%emt 0:00:13]} 15. Rhe1 {[%emt 0:00:37]} Bf2 {[%emt 0: 00:20]}
16. Rf1 {[%emt 0:00:07]} Be3+ {[%emt 0:00:10]} 17. Kb1 {[%emt 0:00:06]} Bxg5
{[%emt 0:00:14]} 18. Nd4 {[%emt 0:01:25]} Rb4 {[%emt 0:00:40]} 19. Nc6 { [%emt
0:00:36]} Rb6 {[%emt 0:00:34]} 20. Nd4 {[%emt 0:00:18] Garchin1-003 offers a
draw} c5 {[%emt 0:00:27]} 21. Nf5 {[%emt 0:00:44]} Reb8 {[%emt 0:00: 14]} 22.
b3 {[%emt 0:01:04]} g6 {[%emt 0:00:51]} 23. f4 {[%emt 0:00:24]} Bxd1 { [%emt
0:00:39]} 24. fxg5 {[%emt 0:00:14]} gxf5 {[%emt 0:00:19]} 25. gxf6 { [%emt
0:00:10]} Rxf6 {[%emt 0:00:10]} 26. Rxd1 {[%emt 0:00:06]} c4 {[%emt 0:00: 13]}
27. Be2 {[%emt 0:00:11]} Re6 {[%emt 0:00:11]} 28. Bf3 {[%emt 0:00:10]} Rbe8
{[%emt 0:00:23]} 29. Kb2 {[%emt 0:00:23]} Re5 {[%emt 0:00:27]} 30. Bxd5 { [%emt
0:00:18]} Rxd5 {[%emt 0:00:11]} 31. Rxd5 {[%emt 0:00:04]} cxb3 {[%emt 0:
00:04]} 32. axb3 {[%emt 0:00:04]} f4 {[%emt 0:00:11]} 33. Rf5 {[%emt 0:00:02]}
Re2 {[%emt 0:00:04]} 34. Rxf4 {[%emt 0:00:01]} Rxg2 {[%emt 0:00:04]} 35. Rh4 {
[%emt 0:00:04]} f6 {[%emt 0:00:06]} 36. h3 {[%emt 0:00:05]} f5 {[%emt 0:00:06]}
37. Kc3 {[%emt 0:00:11]} Rg7 {[%emt 0:00:06]} 38. Kb2 {[%emt 0:00:03]} Rf7 {
[%emt 0:00:03]} 39. c4 {[%emt 0:00:04]} f4 {[%emt 0:00:05]} 40. Kc2 {[%emt 0:
00:02]} f3 {[%emt 0:00:02]} 41. Kd2 {[%emt 0:00:02]} f2 {[%emt 0:00:03]} 42.
Rg4+ {[%emt 0:00:06]} Kh8 {[%emt 0:00:05] TimeW} 0-1

[Event "DSJ Weihnachtsturnier U20w 2020"]
[Site "https://play.chessbase.com/en/play?room=DSJWeihnachtU20w"]
[Date "2020.12.29"]
[Round "6"]
[White "Nönnig, Lotte"]
[Black "Muhina, Alina"]
[Result "0-1"]
[Termination "normal"]
[Board "7.4"]
[WhiteElo "768"]
[BlackElo "1286"]
[WhiteTeam "Schachzwerge Magdeburg"]
[BlackTeam "SC Garching 1980"]
[PlyCount "24"]
[WhiteFideId "34611509"]
[BlackFideId "16298322"]
[EventRounds "7"]
[EventType "team-swiss"]
[EventDate "2020.12.29"]

1. e4 {[%emt 0:00:03]} c6 {[%emt 0:00:02]} 2. Nf3 {[%emt 0:00:04]} d5 {[%emt 0:
00:02]} 3. exd5 {[%emt 0:00:04]} cxd5 {[%emt 0:00:02]} 4. Bb5+ {[%emt 0:00:04]}
Nc6 {[%emt 0:00:03]} 5. Ne5 {[%emt 0:00:04]} Qb6 {[%emt 0:00:12]} 6. Nc3 {
[%emt 0:00:08]} Nf6 {[%emt 0:00:04]} 7. Nxd5 {[%emt 0:00:04]} Nxd5 {[%emt 0:00:
02]} 8. Nxc6 {[%emt 0:00:11]} bxc6 {[%emt 0:00:03]} 9. Bxc6+ {[%emt 0:00:02]}
Qxc6 {[%emt 0:00:03]} 10. O-O {[%emt 0:00:02]} Bb7 {[%emt 0:00:08]} 11. Re1 {
[%emt 0:00:03]} Nc3 {[%emt 0:00:03]} 12. g3 {[%emt 0:00:14]} Qg2# {[%emt 0:00:
04]} 0-1

[Event "DSJ Weihnachtsturnier U20w 2020"]
[Site "https://play.chessbase.com/en/play?room=DSJWeihnachtU20w"]
[Date "2020.12.29"]
[Round "6"]
[White "Lange, Cecilia"]
[Black "Ramien, Hannah"]
[Result "1-0"]
[Termination "normal"]
[Board "8.1"]
[WhiteElo "1965"]
[BlackElo "1396"]
[WhiteTeam "TSG Oberschöneweide"]
[BlackTeam "Schachgemeinschaft Porz"]
[PlyCount "21"]
[WhiteFideId "12976040"]
[BlackFideId "16209982"]
[EventRounds "7"]
[EventType "team-swiss"]
[EventDate "2020.12.29"]

1. e4 {[%emt 0:00:09]} e5 {[%emt 0:00:03]} 2. Nf3 {[%emt 0:00:02]} Nc6 { [%emt
0:00:02]} 3. Bc4 {[%emt 0:00:02]} Nf6 {[%emt 0:00:02]} 4. Nc3 {[%emt 0: 00:02]}
Nxe4 {[%emt 0:00:07]} 5. Nxe4 {[%emt 0:00:03]} d5 {[%emt 0:00:02]} 6. Bb5
{[%emt 0:00:10]} dxe4 {[%emt 0:00:15]} 7. Bxc6+ {[%emt 0:00:03]} bxc6 { [%emt
0:00:03]} 8. Nxe5 {[%emt 0:00:03]} Qd5 {[%emt 0:00:09]} 9. Ng4 {[%emt 0:
00:40]} Bc5 {[%emt 0:00:26]} 10. Ne3 {[%emt 0:01:00]} O-O {[%emt 0:00:09]} 11.
Nxd5 {[%emt 0:00:03]} 1-0

[Event "DSJ Weihnachtsturnier U20w 2020"]
[Site "https://play.chessbase.com/en/play?room=DSJWeihnachtU20w"]
[Date "2020.12.29"]
[Round "6"]
[White "Sinner, Joselyne"]
[Black "Lorenz, Veronika"]
[Result "0-1"]
[Termination "normal"]
[Board "8.2"]
[WhiteElo "1409"]
[BlackElo "1336"]
[WhiteTeam "Schachgemeinschaft Porz"]
[BlackTeam "TSG Oberschöneweide"]
[PlyCount "98"]
[WhiteFideId "16210387"]
[BlackFideId "16277406"]
[EventRounds "7"]
[EventType "team-swiss"]
[EventDate "2020.12.29"]

1. e4 {[%emt 0:00:05]} e5 {[%emt 0:00:02]} 2. Nf3 {[%emt 0:00:04]} Nc6 { [%emt
0:00:02]} 3. Bc4 {[%emt 0:00:02]} Nf6 {[%emt 0:00:02]} 4. d4 {[%emt 0:00: 03]}
exd4 {[%emt 0:00:04]} 5. O-O {[%emt 0:00:02]} Nxe4 {[%emt 0:00:03]} 6. Re1
{[%emt 0:00:34]} d5 {[%emt 0:00:05]} 7. Bb5 {[%emt 0:00:03]} Bd7 {[%emt 0:00:
11]} 8. Nxd4 {[%emt 0:00:15]} Be7 {[%emt 0:00:23]} 9. Nxc6 {[%emt 0:01:19]}
bxc6 {[%emt 0:00:04]} 10. Bd3 {[%emt 0:00:11]} Nf6 {[%emt 0:01:11]} 11. Qe2 {
[%emt 0:00:14]} Be6 {[%emt 0:00:14]} 12. Nc3 {[%emt 0:00:50]} O-O {[%emt 0:00:
03]} 13. Qf3 {[%emt 0:00:05]} Bc5 {[%emt 0:00:45]} 14. Bg5 {[%emt 0:00:25]} Rb8
{[%emt 0:01:00]} 15. Rab1 {[%emt 0:00:15]} Be7 {[%emt 0:00:08]} 16. Qg3 { [%emt
0:00:07]} Nh5 {[%emt 0:00:47]} 17. Bxe7 {[%emt 0:00:27]} Qxe7 {[%emt 0: 00:04]}
18. Qf3 {[%emt 0:00:18]} Qg5 {[%emt 0:00:15]} 19. Re3 {[%emt 0:01:22]} Bg4
{[%emt 0:00:17]} 20. Re5 {[%emt 0:01:07]} Qxe5 {[%emt 0:00:46]} 21. Qxg4 {
[%emt 0:00:06]} Nf6 {[%emt 0:00:10]} 22. Qa4 {[%emt 0:00:20]} Rfe8 {[%emt 0:00:
41]} 23. Qxc6 {[%emt 0:00:16]} Rb6 {[%emt 0:00:20]} 24. Qc5 {[%emt 0:00:23]}
Rbe6 {[%emt 0:00:25]} 25. Qxa7 {[%emt 0:00:27]} Ng4 {[%emt 0:00:30]} 26. g3 {
[%emt 0:00:22]} Qf6 {[%emt 0:00:09]} 27. Nxd5 {[%emt 0:00:14]} Qxf2+ {[%emt 0:
00:09]} 28. Qxf2 {[%emt 0:00:03]} Nxf2 {[%emt 0:00:04]} 29. Kxf2 {[%emt 0:00:
01]} Rd6 {[%emt 0:00:13]} 30. Nxc7 {[%emt 0:00:02]} Rc8 {[%emt 0:00:22]} 31.
Nb5 {[%emt 0:00:02]} Rb6 {[%emt 0:00:07]} 32. Nc3 {[%emt 0:00:02]} Rf6+ { [%emt
0:00:09]} 33. Kg2 {[%emt 0:00:02]} Re8 {[%emt 0:00:06]} 34. Rf1 {[%emt 0:
00:03]} Rb6 {[%emt 0:00:11]} 35. Na4 {[%emt 0:00:05]} Rb7 {[%emt 0:00:20]} 36.
b3 {[%emt 0:00:05]} g6 {[%emt 0:00:04]} 37. c4 {[%emt 0:00:03]} Kg7 {[%emt 0:
00:02]} 38. Rc1 {[%emt 0:00:04]} Re3 {[%emt 0:00:03]} 39. Bf1 {[%emt 0:00:03]}
Rbe7 {[%emt 0:00:07]} 40. Kf2 {[%emt 0:00:07]} R3e5 {[%emt 0:00:10]} 41. c5 {
[%emt 0:00:05]} Rf5+ {[%emt 0:00:02]} 42. Kg2 {[%emt 0:00:03]} Rc7 {[%emt 0:00:
08]} 43. b4 {[%emt 0:00:05]} Kf6 {[%emt 0:00:03]} 44. b5 {[%emt 0:00:02]} Rd5 {
[%emt 0:00:15]} 45. b6 {[%emt 0:00:03]} Rd2+ {[%emt 0:00:06]} 46. Kf3 {[%emt 0:
00:02]} Rc8 {[%emt 0:00:06]} 47. c6 {[%emt 0:00:06]} Rdd8 {[%emt 0:00:05]} 48.
c7 {[%emt 0:00:05]} Rd7 {[%emt 0:00:04]} 49. Ba6 {[%emt 0:00:02]} Ra8 {[%emt 0:
00:02] . Arbiter Decision (ClaimWin Time Overstepped), result=0} 0-1

[Event "DSJ Weihnachtsturnier U20w 2020"]
[Site "https://play.chessbase.com/en/play?room=DSJWeihnachtU20w"]
[Date "2020.12.29"]
[Round "6"]
[White "Fock, Madiha"]
[Black "Siegel, Irene"]
[Result "1-0"]
[Termination "normal"]
[Board "8.3"]
[WhiteElo "1278"]
[BlackElo "1212"]
[WhiteTeam "TSG Oberschöneweide"]
[BlackTeam "Schachgemeinschaft Porz"]
[PlyCount "111"]
[WhiteFideId "16253574"]
[BlackFideId "16284380"]
[EventRounds "7"]
[EventType "team-swiss"]
[EventDate "2020.12.29"]

1. e4 {[%emt 0:00:07]} e5 {[%emt 0:00:05]} 2. Nf3 {[%emt 0:00:02]} Nc6 { [%emt
0:00:02]} 3. d4 {[%emt 0:00:02]} exd4 {[%emt 0:00:03]} 4. Nxd4 {[%emt 0:
00:01]} Bc5 {[%emt 0:00:02]} 5. Be3 {[%emt 0:00:01]} Qf6 {[%emt 0:00:02]} 6. c3
{[%emt 0:00:02]} Nge7 {[%emt 0:00:03]} 7. Bc4 {[%emt 0:00:02]} b6 {[%emt 0:00:
13]} 8. O-O {[%emt 0:00:05]} Bb7 {[%emt 0:00:03] Obersch1-003 reconnected.} 9.
f3 {[%emt 0:00:52]} O-O-O {[%emt 0:00:25]} 10. Na3 {[%emt 0:00:12]} d5 { [%emt
0:00:13]} 11. exd5 {[%emt 0:00:07]} Nxd5 {[%emt 0:00:03]} 12. Bxd5 { [%emt
0:00:15]} Rxd5 {[%emt 0:00:03]} 13. Nac2 {[%emt 0:00:11]} Rhd8 {[%emt 0:
00:07]} 14. Qd2 {[%emt 0:00:14]} Nxd4 {[%emt 0:00:21]} 15. cxd4 {[%emt 0:00:17]
} Rh5 {[%emt 0:00:36]} 16. Qf2 {[%emt 0:00:16]} Bd6 {[%emt 0:00:13]} 17. f4 {
[%emt 0:00:09]} Qg6 {[%emt 0:00:03]} 18. Ne1 {[%emt 0:00:26]} Qg4 {[%emt 0:00:
44]} 19. Nd3 {[%emt 0:00:37]} g5 {[%emt 0:00:07]} 20. Ne5 {[%emt 0:00:07]} Bxe5
{[%emt 0:00:17]} 21. fxe5 {[%emt 0:00:04]} Rg8 {[%emt 0:00:20]} 22. Qf5+ {
[%emt 0:00:08]} Qxf5 {[%emt 0:00:10]} 23. Rxf5 {[%emt 0:00:00]} Be4 {[%emt 0:
00:27]} 24. Rxf7 {[%emt 0:00:14]} Rh4 {[%emt 0:00:25]} 25. e6 {[%emt 0:00:20]}
Bd5 {[%emt 0:00:12]} 26. Rf6 {[%emt 0:00:07]} Re8 {[%emt 0:00:08]} 27. Bxg5 {
[%emt 0:00:07]} Rxd4 {[%emt 0:00:02]} 28. Re1 {[%emt 0:00:03]} Rd2 {[%emt 0:00:
05]} 29. Bxd2 {[%emt 0:00:03]} Rg8 {[%emt 0:00:25]} 30. g3 {[%emt 0:00:17]} Bc6
{[%emt 0:00:19]} 31. Rf7 {[%emt 0:00:20]} Re8 {[%emt 0:00:31]} 32. Bb4 { [%emt
0:00:30]} Kb7 {[%emt 0:00:04]} 33. Rf8 {[%emt 0:00:08]} Rxf8 {[%emt 0:00: 03]}
34. Bxf8 {[%emt 0:00:01]} h5 {[%emt 0:00:08]} 35. e7 {[%emt 0:00:03]} Be8
{[%emt 0:00:03]} 36. h3 {[%emt 0:00:11]} a5 {[%emt 0:00:09]} 37. g4 {[%emt 0:
00:01]} h4 {[%emt 0:00:04]} 38. Kf2 {[%emt 0:00:02]} Kc6 {[%emt 0:00:04]} 39.
Ke3 {[%emt 0:00:02]} Kd7 {[%emt 0:00:02]} 40. Kd4 {[%emt 0:00:02]} Kc6 { [%emt
0:00:04]} 41. g5 {[%emt 0:00:09]} Kb5 {[%emt 0:00:06]} 42. Re4 {[%emt 0:
00:10]} c5+ {[%emt 0:00:02]} 43. Kc3 {[%emt 0:00:04]} Kc6 {[%emt 0:00:14]} 44.
Rxh4 {[%emt 0:00:03]} b5 {[%emt 0:00:03]} 45. Rg4 {[%emt 0:00:09]} b4+ { [%emt
0:00:03]} 46. Kd3 {[%emt 0:00:08]} Bg6+ {[%emt 0:00:11]} 47. Kd2 { [%emt
0:00:12]} Kb5 {[%emt 0:00:11]} 48. h4 {[%emt 0:00:02]} c4 {[%emt 0:00:12] } 49.
Rg3 {[%emt 0:00:14]} Ka4 {[%emt 0:00:03]} 50. h5 {[%emt 0:00:03]} Bf7 { [%emt
0:00:27]} 51. g6 {[%emt 0:00:03]} Be8 {[%emt 0:00:01]} 52. g7 {[%emt 0: 00:02]}
c3+ {[%emt 0:00:03]} 53. bxc3 {[%emt 0:00:02]} bxc3+ {[%emt 0:00:02]} 54. Rxc3
{[%emt 0:00:02]} Bf7 {[%emt 0:00:02]} 55. h6 {[%emt 0:00:03]} Kb4 { [%emt
0:00:09]} 56. e8=Q# {[%emt 0:00:02]} 1-0